Normal view
MARC view
- Gopalakurup, Vennikulam
Entry Personal Name
001 - CONTROL NUMBER
- control field: 6036
003 - CONTROL NUMBER IDENTIFIER
- control field: OSt
005 - DATE AND TIME OF LATEST TRANSACTION
- control field: 20240215114547.0
008 - FIXED-LENGTH DATA ELEMENTS
- fixed length control field: 240215|| aca||aabn | a|a d
040 ## - CATALOGING SOURCE
- Original cataloging agency: OSt
- Transcribing agency: OSt
100 ## - HEADING--PERSONAL NAME
- Personal name: Gopalakurup, Vennikulam
670 ## - SOURCE DATA FOUND
- Source citation: Work cat.: (OSt)4821: Gopalakurup, Vennikulam ., Sidharta charitam / , 1962.
